000 00788cam a22002534a 4500
003 DO-SdBNP
005 20220228120353.0
008 060925s2007 sp ab 000 1 spa
020 _a9789707809017
040 _aBPMSU
_bspa
_c BPMSU
_d
082 _aCh863.44
_bA432I 2007
_222
100 1 _aAllende, Isabel.
245 1 0 _aInés del alma mía /
_cIsabel Allende.
260 _aMéxico :
_bIngramex,
_c2007
300 _a366 p. :
_bill., 1 map ;
_c26 cm.
490 0 _aAreté
600 1 0 _aSuárez, Inés,
_d1507-1580.
_vFicción
650 4 _aLiteratura chilena
650 4 _aNovela chilena
650 4 _aNovela histórica chilena
856 4 2 _3Publisher description
_uhttp://www.loc.gov/catdir/enhancements/fy1402/2007354197-d.html
910 _aVMateo
942 _2ddc
_cBK
999 _c14049
_d14049